| 000 | 00439nam a2200181Ia 4500 | ||
|---|---|---|---|
| 001 | 17943 | ||
| 005 | 20260306171554.0 | ||
| 008 | 260306s9999||||xx |||||||||||||| ||und|| | ||
| 041 | _aESP | ||
| 082 |
_a658.3 _bG63 2016 |
||
| 100 |
_aGómez-Mejia, Luis R. _eAUT |
||
| 245 | 0 | _aDirección de recursos humanos | |
| 260 | _c2016 | ||
| 300 |
_axxx, 658 páginas : _c27 cm. |
||
| 650 | _aGEN | ||
| 654 | _aCAN | ||
| 942 |
_cLIB _dJUS _fJUS _2ddc _n |
||
| 999 |
_c17943 _d17943 |
||